000 00821nam a2200205 4500
999 _c57633
_d57633
003 Ge_BSU
005 20210427123404.0
008 200824s2019 ge ||||| |||| 00| 0 geo d
020 _a9941285020
041 _ageo
080 _a346.26(075.8) ქ-60
100 _a ქოქრაშვილი, ქ.
_99280
245 _aსამეწარმეო სამართალი /
_cქ. ქოქრაშვილი; [რედ. ლ. მამალაძე].
250 _aმეოთხე გამოცემა
264 _aთბილისი:
_bტექნიკური უნივერსიტეტი,
_c2019.
300 _a295გვ.
_b20 სმ.
653 _aსამართალი
700 _aმამალაძე, ლ.
_eრედაქტორი
_99281
942 _2udc
_cBK